| 000 | 00568nam a2200217Ia 4500 | ||
|---|---|---|---|
| 005 | 20230420153537.0 | ||
| 008 | 230125s9999 xx 000 0 und d | ||
| 020 | _a978-93-83572-57-1 | ||
| 041 | _aeng | ||
| 082 |
_a658.312 44 _bSHA |
||
| 100 |
_aSharma A _9107557 |
||
| 245 | _aReality Bytes The Role of HR in Today's World | ||
| 250 | _aEd. 1st | ||
| 260 |
_c2015 _bVishwakarma Publication _aPune |
||
| 300 | _a191p | ||
| 500 | _aHRM;HRM Gen | ||
| 650 |
_aHRM;HRM Gen _9119831 |
||
| 700 |
_aSharma A _9107557 |
||
| 942 | _cBK | ||
| 999 |
_c93688 _d93688 |
||